| 000 | 00558nam a22001937a 4500 | ||
|---|---|---|---|
| 003 | OSt | ||
| 008 | 251203b |||||||| |||| 00| 0 eng d | ||
| 082 |
_a632.76 _bC35E |
||
| 100 | _aChoudhary, Shanta Kumar. | ||
| 245 | _aEco-Friendly Management of Banana Scarring Beetle, Basilepta Subcostatum Jacoby in North Bihar | ||
| 260 |
_a.- Pusa, Samastipur _b: RAU _c, 2008 |
||
| 300 | _a54p. | ||
| 650 | _aEntomology and Agricultural Zoology | ||
| 650 | _aBanana Scarring | ||
| 650 | _aNorth Bihar | ||
| 650 | _aThesis | ||
| 650 | _aM. Sc. | ||
| 942 |
_2ddc _cT |
||
| 999 |
_c49287 _d49287 |
||